Statistiques concernant Liste des pays ayant plusieurs capitales

Cliquez ici pour prendre le quiz!

Statistiques générales

  • Ce quiz a été pris 93 fois
  • Le résultat moyen est 3 sur 13

Statistiques - réponses

nombre de capitalesPays% Correct
3afrique du sud
96%
2Bolivie
57%
2Cote d'Ivoire
29%
2Pays-Bas
29%
2Sri Lanka
21%
2Tanzanie
17%
2Chili
16%
2Israel
16%
3Benin
11%
2Malaisie
8%
2Eswatini
6%
2Monténégro
2%
2Tchequie
2%

Distribution des résultats

Percentile par nombre de réponses

% des personnes avec chaque résultat

Votre développement - résultats

Vous n’avez pas pris ce quiz